000
002560000a22000970004500
100
1
_a
Roux L., Rodolfo Ramón (López)
245
1
0
_a
Historia y fe cristiana
300
_a
Vol. 25, Núm 3 (1975), Páginas 51-60
773
0
_t
Theologica xaveriana
942
_c
ANA
999
_c
53122
_d
53122